00786cam a2200217 a 450000100100000000500170001000800410002701000160006804000250008408200260010910000400013524500250017525000110020026000490021130000280026050400730028865000350036165000280039695201290042499900150055300000287020200929150256.0910418s1950 gt 001 0 spa  altf91046026 aDO-SdBNPbspacBNPHU aMe861.08bL257r, 19501 aLandivar, Rafael,d1731-1793.9911810aRusticatio mexicana. a3a ed. aGuatemala :bEditorial Universitaria,c1950. a209 p. :bil. ;c20 cm. aIncluye referencias bibliográficas y notas al pie de las páginas 4aPoesía centroamericana99119 4aPoesía mexicana99120 001052708MOaGRbGRcCTd2009-07-04iLF1l0oMe861.08 L257r, 1950p2870-10r2020-06-25w2020-06-25y2ZPréstamo interno c2704d2704